000
00288nam a22001337a 4500
008
170927b xxu||||| |||| 00| 0 eng d
020
_a
9780312656829
041
_a
eng
080
_2
12TH
_a
37
100
_a
47
101
_a
EDU
245
_a
SUBJECT& STRATEGY
_c
WEND,W
942
_2
udc
_c
BK
999
_c
30231
_d
30231